Uzbekistan : (Record no. 94311)

MARC details
000 -LEADER
fixed length control field 00584nam a22001937a 4500
005 - DATE AND TIME OF LATEST TRANSACTION
control field 20150713164733.0
010 ## - LCCN (DPL NO)
LC control number ENG-113295
020 ## - INTERNATIONAL STANDARD BOOK NUMBER
Terms of availability 500.00
International Standard Book Number 978818583573x
035 ## - SYSTEM CONTROL NUMBER
System control number EN-96827
037 ## - SOURCE OF ACQUISITION
Source of stock number/acquisition DBAD/PUB
082 ## - DEWEY DECIMAL CLASSIFICATION NUMBER
Classification number 958.7
245 ## - TITLE STATEMENT
Title Uzbekistan :
Statement of responsibility, etc edited by P.L. Dash [and] Murat M. Bakhadirov
Remainder of title threshold of an era /
260 ## - PUBLICATION, DISTRIBUTION, ETC. (IMPRINT)
Place of publication, distribution, etc Chandigarh
Name of publisher, distributor, etc CRRID
Date of publication, distribution, etc 2014
270 ## - ADDRESS
Address Sector-19-A, Madhya Marg,
City Chandigarh
Postal code 160019
300 ## - PHYSICAL DESCRIPTION
Extent xiv,305p.
Dimensions 25cm(Hb)
700 ## - ADDED ENTRY--PERSONAL NAME
Personal name Dash, P.L.
700 ## - ADDED ENTRY--PERSONAL NAME
Personal name Bakhadirov, Murat M.
942 ## - ADDED ENTRY ELEMENTS (KOHA)
Source of classification or shelving scheme Dewey Decimal Classification
Item type English Books
Call number suffix UZB
Classification part 958.7
Holdings
Withdrawn status Lost status Not for loan Collection code Home library Current library Date acquired Source of acquisition Cost, normal purchase price Full call number Barcode Copy number Cost, replacement price Koha item type
    Not For Loan Non-fiction D.B.Act.Division D.B.Act.Division 16/06/2015 DBAD/PUB 500.00 958.7 UZB EN-96827 1 500.00 English Books

© Delhi Public Library
Hit Counter
free hit counter